A portrait of the artist as a young man / (Record no. 3961)

MARC details
000 -LEADER
fixed length control field 00633nam a2200193 4500
003 - CONTROL NUMBER IDENTIFIER
control field IeDuTC
005 - DATE AND TIME OF LATEST TRANSACTION
control field 20181127174102.0
008 - FIXED-LENGTH DATA ELEMENTS--GENERAL INFORMATION
fixed length control field 960920r19921976enk 000 1 eng
020 ## - INTERNATIONAL STANDARD BOOK NUMBER
International Standard Book Number 9788124800171
100 1# - MAIN ENTRY--PERSONAL NAME
Personal name Joyce, James,
Dates associated with a name 1882-1941.
245 12 - TITLE STATEMENT
Title A portrait of the artist as a young man /
Statement of responsibility, etc. James Joyce.
260 ## - PUBLICATION, DISTRIBUTION, ETC.
Place of publication, distribution, etc. Chennai :
Name of publisher, distributor, etc. Peacock books,
Date of publication, distribution, etc. 2015.
300 ## - PHYSICAL DESCRIPTION
Extent 234 p. ;
Dimensions 19 cm.
590 ## - LOCAL NOTE (RLIN)
Local note Electronic copy available on RTC Cloud in "Library" folder
650 ## - SUBJECT ADDED ENTRY--TOPICAL TERM
Topical term or geographic name entry element Artists
Form subdivision Fiction.
General subdivision
Chronological subdivision
Geographic subdivision
Source of heading or term
Topical term or geographic name entry element Young men
Form subdivision Fiction.
General subdivision
Chronological subdivision
Geographic subdivision
Source of heading or term
651 ## - SUBJECT ADDED ENTRY--GEOGRAPHIC NAME
Geographic name Dublin (Ireland)
Form subdivision Fiction.
General subdivision
Chronological subdivision
Geographic subdivision
Source of heading or term
830 #0 - SERIES ADDED ENTRY--UNIFORM TITLE
Uniform title Penguin popular classics.
Holdings
Withdrawn status Lost status Source of classification or shelving scheme Damaged status Not for loan Collection code Home library Current library Shelving location Date acquired Serial Enumeration / chronology Inventory number Full call number Barcode Date last seen Copy number Price effective from Koha item type Total Checkouts
    Dewey Decimal Classification     Main TEST RTC Library RTC Library Main opac 01/04/2022 7492 823.9 JOY 30007617 27/11/2018 2 27/11/2018 Main  
    Dewey Decimal Classification     Main TEST RTC Library RTC Library Main opac   7493 823.9 JOY 30007581 27/11/2018 1 27/11/2018 Main  
Royal Thimphu College || All Right Reserved